Aprende a gramática com o prof. Girassol (Registo nº 17270)

Detalhes MARC
000 -Etiqueta do registo
Valores 00842nam a22001931i 4500
090 ## -
-- 17270
100 ## - Dados gerais de processamento
Dados gerais 20170304u u u0frey50 ba
101 0# - Língua de publicação
-- por
200 1# - Titulo e menção de responsabilidade
Primeira menção de responsabilidade Nuno Miguel Caravela
Título próprio Aprende a gramática com o prof. Girassol
215 ## - Descrição física 
Paginação / Volumes 40 p.
Outras indicações físicas muito il. color.
Dimensões 19 cm
210 ## - Publicação
Nome do editor Impresa Publishing
Local de publicação Lisboa
300 ## - Notas gerais 
Texto da nota Manual redigido ao abrigo do novo acordo ortográfico
327 ## - Nota de conteúdo
Texto da nota As regras gramaticais, as frases, os verbos, e muito mais
702 #1 - Autor secundário (pessoa individual)
Apelido Silva
Nome Sofia Martins da
-- 440
700 #1 - Autor principal (pessoa individual)
Apelido Caravela
Nome Nuno Miguel
-- 340
996 ## - ISO2709
-- 0022235
-- CAR Juv
-- 00000000
-- 00000000
-- BMVA
-- 1
-- Viana do Alentejo
-- Questões Gerais sobre Língua Linguistica
-- 17
-- Livro
-- 0
-- 1
996 ## - ISO2709
-- 0026658
-- CAR
-- 00000000
-- 00000000
-- BMVAAL
-- 3
-- Alcáçovas
-- Questões Gerais sobre Língua Linguistica
-- 17
-- Livro
-- 0
-- 1
990 ## - Elementos KOHA
Tipo de documento Livro
Exemplares
Situação do levantamento Estado Biblioteca de origem Biblioteca de empréstimo Código de barras Cota Permissão de empréstimo Tipo de documento Nota relativa ao exemplar
  Completo Biblioteca Municipal de Viana Do Alentejo Biblioteca Municipal de Viana Do Alentejo 0023195 8 CAR Disponível Livro  
  Completo Biblioteca Municipal de Viana Do Alentejo Biblioteca Municipal de Viana Do Alentejo Pólo Alcáçovas 0024799 8 CAR Disponível Livro 6-10 anos




Powered by Koha